English in mind : Workbook 3
English in Mind is a four - level course for teenager which combines engaging content with a strong focus on grammar and vocabulary. It takes students from beginner to intermediate level and is ideal for mixed - ability classes.
Gorde:
| Egile nagusia: | |
|---|---|
| Formatua: | Liburua |
| Hizkuntza: | Undetermined |
| Argitaratua: |
Cambridge, UK
Cambridge University Press
2005
|
| Gaiak: | |
| Etiketak: |
Etiketa erantsi
Etiketarik gabe, Izan zaitez lehena erregistro honi etiketa jartzen!
|
| Thư viện lưu trữ: | Trung tâm Học liệu Trường Đại học Cần Thơ |
|---|
| LEADER | 01052nam a2200241Ia 4500 | ||
|---|---|---|---|
| 001 | CTU_194948 | ||
| 008 | 210402s9999 xx 000 0 und d | ||
| 020 | |c 147000 | ||
| 082 | |a 428.24 | ||
| 082 | |b P977/B.3 | ||
| 100 | |a Puchta, Herbert | ||
| 245 | 0 | |a English in mind : | |
| 245 | 0 | |b Workbook 3 | |
| 245 | 0 | |c Herbert Puchta, Jeff Stranks with Richard Carter and Peter Lewis-Jones | |
| 260 | |a Cambridge, UK | ||
| 260 | |b Cambridge University Press | ||
| 260 | |c 2005 | ||
| 520 | |a English in Mind is a four - level course for teenager which combines engaging content with a strong focus on grammar and vocabulary. It takes students from beginner to intermediate level and is ideal for mixed - ability classes. | ||
| 650 | |a English language,English language,Anh ngữ,Anh ngữ | ||
| 650 | |x Study and teaching,Học và Dạy,Sách dành cho người học tiếng nước ngoài | ||
| 904 | |i Tuyến | ||
| 910 | |a Sách kèm đĩa cõ số AVA.000760 | ||
| 980 | |a Trung tâm Học liệu Trường Đại học Cần Thơ | ||